000
00303nam a22001337a 4500
020
_a
81-8022-092-X
082
_a
000
_b
PRI/A
100
_a
PRIORITY PUBLICATIONS
245
_a
ADVERB
260
_a
INDIA
_b
PRIORITY PUBLICATIONS
300
_a
12
650
_a
MY LITTLE BOOK OF GRAMMAR
_z
INDIA
942
_c
BK
999
_c
4645
_d
4645